Walker Hayes Charting Songs (Billboard Hot Country) - Statistics

General Stats
  • This quiz has been taken 8 times
    4 since last reset
  • The average score is 3 of 7
Answer Stats
Album Weeks On Peak Artist(s) Song % Correct
Country Stuff the Album 49 Weeks #1 Walker Hayes Fancy Like
100%
Country Stuff the Album 31 Weeks #3 Walker Hayes AA
67%
boom. 39 Weeks #9 Walker Hayes You Broke Up With Me
67%
Non-Album Single 31 Weeks #32 Walker Hayes Y'all Life
33%
Reason to Rhyme 21 Weeks #40 Walker Hayes Pants
0%
Country Stuff the Album 20 Weeks #28 Walker Hayes U Gurl
0%
Reason to Rhyme 10 Weeks #42 Walker Hayes Why Wait for Summer
0%
No matching quizzes found
Score Distribution
Percent of People with Each Score
Percentile by Number Answered
Your Score History
You have not taken this quiz since the last reset